[Event "Haarlem open"]
[Site "?"]
[Date "1997.??.??"]
[Round "?"]
[White "Jekel, Pim"]
[Black "Dekker, Ger"]
[Result "1/2-1/2"]
[WhiteElo "2665"]
[BlackElo "2850"]
[PlyCount "54"]
[EventDate "1997.??.??"]
[Source "www.chesslib.no"]
[SourceDate "2004.05.04"]

1. e4 e5 2. Nc3 Bc5 3. g3 Nf6 4. Bg2 O-O 5. d3 c6 6. Nh3 d6 7. Bd2 Bg4 8. Qc1 Nbd7 9. Be3 Bxe3 10. Qxe3 Qb6 11. Qxb6 Nxb6 12. f3 Be6 13. Nf2 d5 14. g4 dxe4 15. Nfxe4 Nxe4 16. Nxe4 Nd5 17. Kd2 Nf4 18. Bf1 f5 19. gxf5 Bxf5 20. h4 h6 21. Ng3 Be6 22. Ne2 Bd5 23. Ng1 Rad8 24. a3 e4 25. fxe4 Bxe4 26. Rh2 Bd5 27. Ne2 Rf6 1/2-1/2

[Event "Corr"]
[Site "?"]
[Date "1998.??.??"]
[Round "?"]
[White "Korolev Sergey Ivanovich"]
[Black "Geenen Marc"]
[Result "1/2-1/2"]
[WhiteElo "2630"]
[BlackElo "2575"]
[PlyCount "37"]
[EventDate "1998.??.??"]
[Source "www.chesslib.no"]
[SourceDate "2004.05.04"]

1. e4 e5 2. Nc3 Nc6 3. g3 Bc5 4. Bg2 a6 5. d3 d6 6. Nd5 Nge7 7. Be3 Bxe3 8. fxe3 Nxd5 9. exd5 Ne7 10. Qd2 h5 11. O-O-O h4 12. gxh4 Ng6 13. Nf3 Nxh4 14. Rdf1 Bd7 15. d4 Qe7 16. dxe5 Nxf3 17. Rxf3 Qxe5 18. Rf4 O-O-O 19. Rxf7 1/2-1/2

[Event "06"]
[Site "Gonfreville"]
[Date "1996.??.??"]
[Round "5"]
[White "Serper, Grigory"]
[Black "Adams, Michael"]
[Result "0-1"]
[WhiteElo "2540"]
[BlackElo "2660"]
[PlyCount "45"]
[EventDate "1996.??.??"]
[Source "www.chesslib.no"]
[SourceDate "2004.05.04"]

1. e4 e5 2. Nc3 Nc6 3. g3 Bc5 4. Bg2 d6 5. Nge2 h5 6. Na4 h4 7. Nxc5 dxc5 8. h3 Be6 9. g4 Qd7 10. b3 f6 11. d3 O-O-O 12. Be3 Nd4 13. f4 exf4 14. Bxd4 cxd4 15. Nxf4 Ne7 16. Qf3 Bf7 17. O-O Nc6 18. Qf2 Kb8 19. b4 Ne5 20. a4 Be6 21. b5 Qd6 22. a5 Bd7 23. b6 0-1

[Event "Deutschland"]
[Site "?"]
[Date "2002.12.15"]
[Round "3.1"]
[White "Smagin Sergey B"]
[Black "Fridman Daniel"]
[Result "1/2-1/2"]
[WhiteElo "2583"]
[BlackElo "2572"]
[PlyCount "88"]
[EventDate "2002.??.??"]
[Source "www.chesslib.no"]
[SourceDate "2004.05.04"]

1. e4 e5 2. Nc3 Nc6 3. g3 Bc5 4. Bg2 Nf6 5. Nge2 Nd4 6. Na4 Nxe2 7. Qxe2 Be7 8. b3 c6 9. Bb2 b5 10. Nc3 Bc5 11. a4 b4 12. Na2 Qe7 13. O-O-O O-O 14. Rhe1 Re8 15. f4 d6 16. h3 a5 17. Kb1 Qa7 18. Qf3 Ba6 19. g4 Bf2 20. Rh1 d5 21. d3 dxe4 22. dxe4 exf4 23. Bxf6 gxf6 24. Qxf4 Bd4 25. e5 fxe5 26. Qg5+ Kh8 27. Qf6+ Kg8 28. Qg5+ Kh8 29. Bxc6 Bb7 30. Bxe8 Bxh1 31. Qf6+ Kg8 32. Bxf7+ Qxf7 33. Qxf7+ Kxf7 34. Rxh1 Ke6 35. Rf1 h5 36. gxh5 Rh8 37. Nc1 Rxh5 38. Rh1 e4 39. Ne2 Be5 40. Kc1 e3 41. c3 bxc3 42. Kc2 Rh8 43. Kd3 Rb8 44. Kxe3 Rxb3 1/2-1/2

[Event "Prague"]
[Site "Prague"]
[Date "1990.??.??"]
[Round "4"]
[White "Short, Nigel D"]
[Black "Kavalek, Lubomir"]
[Result "1/2-1/2"]
[WhiteElo "2610"]
[BlackElo "2545"]
[PlyCount "50"]
[EventDate "1990.08.??"]
[Source "ChessBase"]

1. e4 e5 2. Nc3 Nc6 3. g3 Bc5 4. Bg2 h5 5. Nf3 h4 6. Nxh4 Rxh4 7. gxh4 Qxh4 8. d4 Nxd4 9. Nd5 d6 10. Ne3 Nf6 11. c3 Bg4 12. Nxg4 Nxg4 13. Rf1 Ne6 14. Qe2 Nxh2 15. Rh1 Ke7 16. Kd1 Rh8 17. f3 Qg3 18. Bd2 Bf2 19. Bf1 Rh4 20. Qd3 Nc5 21. Qe2 Nxf3 22. Rxh4 Nxh4 23. Kc2 Nf3 24. Rd1 Nxd2 25. Rxd2 Be3 1/2-1/2

[Event "URS Spartakiad"]
[Site "URS"]
[Date "1979.??.??"]
[Round "?"]
[White "Vasiukov, Evgeni"]
[Black "Tukmakov, Vladimir B"]
[Result "1/2-1/2"]
[WhiteElo "2560"]
[BlackElo "2575"]
[PlyCount "69"]
[EventDate "1979.??.??"]
[Source "ChessBase"]

1. e4 e5 2. Nc3 Nc6 3. g3 g6 4. Bg2 Bg7 5. d3 d6 6. Be3 Nf6 7. h3 Be6 8. Nd5 Ne7 9. c4 c6 10. Nxf6+ Bxf6 11. Ne2 Bg7 12. Qd2 O-O 13. O-O Qd7 14. Kh2 f5 15. Rac1 d5 16. cxd5 cxd5 17. exf5 Nxf5 18. d4 Nxe3 19. fxe3 e4 20. Nf4 Bh6 21. Rc3 Rac8 22. Rfc1 Rxc3 23. Rxc3 Bxf4 24. exf4 Rc8 25. a3 Rf8 26. Qc1 Rf7 27. Qc2 h6 28. Rc5 g5 29. fxg5 hxg5 30. Qd2 Qe7 31. Qe3 Rh7 32. Kg1 Qf6 33. Qc3 Rf7 34. Qe3 Rh7 35. Qc3 1/2-1/2

[Event "Minsk op"]
[Site "Minsk"]
[Date "1996.??.??"]
[Round "1"]
[White "Cherevatenko, Roman"]
[Black "Zhuk, S."]
[Result "1-0"]
[WhiteElo "2560"]
[BlackElo "2560"]
[PlyCount "41"]
[EventDate "1996.??.??"]
[Source "www.chesslib.no"]
[SourceDate "2004.05.04"]

1. e4 e5 2. Nc3 Bc5 3. Bc4 Nf6 4. d3 h6 5. f4 d6 6. Nf3 Nc6 7. Na4 Bb6 8. Nxb6 axb6 9. O-O O-O 10. a3 Re8 11. Kh1 exf4 12. Bxf4 Be6 13. Bb5 d5 14. Ne5 Nxe5 15. Bxe5 Nd7 16. Bc3 dxe4 17. dxe4 c6 18. Be2 Qg5 19. Rf3 Nc5 20. Rg3 Qf4 21. Qd4 1-0

[Event "06"]
[Site "Gonfreville"]
[Date "1996.??.??"]
[Round "2"]
[White "Wolff, Patrick G"]
[Black "Dzindzichashvili, Roman"]
[Result "1-0"]
[WhiteElo "2565"]
[BlackElo "2545"]
[PlyCount "69"]
[EventDate "1996.??.??"]
[Source "www.chesslib.no"]
[SourceDate "2004.05.04"]

1. e4 e5 2. Nc3 Bc5 3. Bc4 Nf6 4. d3 d6 5. Nf3 Bg4 6. h3 Bh5 7. g4 Bg6 8. Bg5 c6 9. Nh4 Nbd7 10. Qf3 Qe7 11. Nf5 Bxf5 12. Qxf5 h6 13. Bh4 g6 14. Qf3 g5 15. Bg3 O-O-O 16. O-O-O Kc7 17. Ne2 b5 18. Bb3 a5 19. c3 a4 20. Bc2 Bb6 21. d4 Kb7 22. c4 bxc4 23. Bxa4 Ra8 24. Nc3 Ra6 25. d5 Nb8 26. h4 Nfd7 27. dxc6+ Nxc6 28. Nd5 Qe6 29. Bxc6+ Kxc6 30. Nb4+ Kb7 31. Nxa6 Kxa6 32. Qa3+ Kb7 33. Rxd6 Qxg4 34. Rhd1 Nb8 35. Qb4 1-0

[Event "Corr"]
[Site "?"]
[Date "1998.??.??"]
[Round "?"]
[White "Korolev Sergey Ivanovich"]
[Black "Jovcic Milan"]
[Result "1-0"]
[WhiteElo "2630"]
[BlackElo "2455"]
[PlyCount "55"]
[EventDate "1998.??.??"]
[Source "www.chesslib.no"]
[SourceDate "2004.05.04"]

1. e4 e5 2. Nc3 Nc6 3. g3 g6 4. Bg2 Bg7 5. d3 d6 6. f4 Nge7 7. Nf3 O-O 8. O-O Nd4 9. Be3 c5 10. Qd2 exf4 11. gxf4 Nxf3+ 12. Bxf3 f5 13. e5 dxe5 14. fxe5 Bxe5 15. Bxc5 Bd4+ 16. Bxd4 Qxd4+ 17. Kh1 Nc6 18. Ne2 Qxb2 19. d4 Rd8 20. Qg5 Qb6 21. Rad1 Qc7 22. Nf4 Rd6 23. Rfe1 Qd8 24. Qh6 Bd7 25. Bd5+ Kh8 26. Rg1 Ne7 27. Bxb7 Rb8 28. Bf3 1-0

[Event "Moscow op2"]
[Site "Moscow"]
[Date "1995.??.??"]
[Round "4"]
[White "Vorotnikov, Vladislav V"]
[Black "Malaniuk, Vladimir P"]
[Result "1/2-1/2"]
[WhiteElo "2505"]
[BlackElo "2580"]
[PlyCount "106"]
[EventDate "1995.11.??"]
[Source "ChessBase"]

1. e4 e5 2. d3 Nf6 3. f4 exf4 4. Bxf4 Nc6 5. Nc3 Bb4 6. a3 Ba5 7. Nge2 O-O 8. Qd2 Re8 9. Bg5 h6 10. Bxf6 Qxf6 11. Qf4 Qd8 12. O-O-O d6 13. d4 Ne7 14. Ng3 Bxc3 15. bxc3 Ng6 16. Qd2 Bg4 17. Be2 Bxe2 18. Qxe2 c5 19. Rhf1 Rc8 20. Nf5 Qa5 21. Qc4 Qxa3+ 22. Kd2 b5 23. Qb3 Qxb3 24. cxb3 Rc6 25. d5 Rb6 26. Ra1 a6 27. Ke3 Ne5 28. h3 Nd7 29. Kd3 c4+ 30. bxc4 Nc5+ 31. Kc2 bxc4 32. Rab1 Rxb1 33. Rxb1 Rxe4 34. Nxd6 Re2+ 35. Kd1 Re5 36. Nxc4 Rxd5+ 37. Kc2 h5 38. Rf1 Rg5 39. Ne3 g6 40. c4 a5 41. g4 Re5 42. Nd5 hxg4 43. hxg4 Kg7 44. Kc3 Ne6 45. Ra1 Rg5 46. Rxa5 Nf4 47. Kb4 Rxg4 48. Nxf4 Rxf4 49. Kb5 g5 50. c5 g4 51. Ra1 Rf2 52. Rc1 g3 53. c6 g2 1/2-1/2

[Event "Hotel Opatija GM Feb"]
[Site "?"]
[Date "2003.02.11"]
[Round "7"]
[White "Mihalcisin Adrian"]
[Black "Dizdarevic Emir"]
[Result "1/2-1/2"]
[WhiteElo "2561"]
[BlackElo "2502"]
[PlyCount "23"]
[EventDate "2003.??.??"]
[Source "www.chesslib.no"]
[SourceDate "2004.05.04"]

1. e4 e5 2. Nc3 Nc6 3. g3 Bc5 4. Bg2 d6 5. Nf3 Nf6 6. O-O O-O 7. d3 h6 8. Na4 Bg4 9. h3 Bxf3 10. Bxf3 Qd7 11. Nxc5 dxc5 12. Kh2 1/2-1/2

[Event "Kottnauer mem"]
[Site "Prague"]
[Date "1996.??.??"]
[Round "9"]
[White "Hort, Vlastimil"]
[Black "Smejkal, Jan"]
[Result "1/2-1/2"]
[WhiteElo "2550"]
[BlackElo "2510"]
[PlyCount "83"]
[EventDate "1996.06.??"]
[Source "ChessBase"]

1. e4 e5 2. Nc3 Nc6 3. g3 Bc5 4. Bg2 a6 5. d3 d6 6. Nge2 Nge7 7. O-O O-O 8. h3 f5 9. exf5 Nxf5 10. Kh2 h6 11. Nd5 Nce7 12. c3 Nxd5 13. Bxd5+ Kh8 14. Bg2 Ba7 15. d4 Qe7 16. Qd3 c6 17. Bd2 Be6 18. b3 Qf7 19. Rad1 Rae8 20. dxe5 dxe5 21. Bc1 Qe7 22. c4 Nd4 23. Bb2 Bf5 24. Qd2 Rd8 25. Qe3 Qf6 26. f4 exf4 27. Nxf4 Nf3+ 28. Qxf3 Qxb2 29. Rxd8 Rxd8 30. Re1 Qf2 31. Qxf2 Bxf2 32. Re5 Bb1 33. Be4 Bxe4 34. Rxe4 Bc5 35. h4 Kg8 36. Kh3 Ba3 37. h5 Kf7 38. Kg4 Rd2 39. Re2 Rxe2 40. Nxe2 Ke6 41. Kf4 Bd6+ 42. Ke4 1/2-1/2

[Event "Pula (18eme open)"]
[Site "?"]
[Date "2004.06.23"]
[Round "6"]
[White "Stevic Hrvoje"]
[Black "Zelcic Robert"]
[Result "1/2-1/2"]
[WhiteElo "2541"]
[BlackElo "2509"]
[PlyCount "21"]
[EventDate "2004.??.??"]
[Source "www.chesslib.no"]
[SourceDate "2004.05.04"]

1. e4 e5 2. Nc3 g6 3. g3 Bg7 4. Bg2 Ne7 5. Nge2 O-O 6. O-O d6 7. d3 Nbc6 8. Be3 Be6 9. Qd2 Qc8 10. Bh6 Bh3 11. Bxh3 1/2-1/2

[Event "ISR-chT"]
[Site "Israel"]
[Date "1998.03.26"]
[Round "8"]
[White "Finkel, Alexander"]
[Black "Mikhalevski, Victor"]
[Result "0-1"]
[WhiteElo "2500"]
[BlackElo "2545"]
[PlyCount "66"]
[EventDate "1998.??.??"]
[Source "ChessBase"]
[SourceDate "1998.06.15"]

1. e4 e5 2. Nc3 Nc6 3. g3 Nf6 4. Bg2 Bc5 5. d3 Nd4 6. Nce2 Nxe2 7. Nxe2 d5 8. exd5 Nxd5 9. O-O O-O 10. d4 exd4 11. Nxd4 c6 12. c3 Re8 13. Qd3 Bb6 14. Bd2 Nb4 15. cxb4 Bxd4 16. Qc2 Re2 17. Bf3 Bf5 18. Qd1 Re6 19. Bc3 Rd6 20. Qc1 Qf6 21. Bxd4 Rxd4 22. Qc3 Rad8 23. Rad1 g5 24. Rxd4 Rxd4 25. Bg2 Kg7 26. Re1 a6 27. a3 Be6 28. Qc5 Rd2 29. f4 gxf4 30. Rf1 Qxb2 31. Qg5+ Kf8 32. Qc5+ Ke8 33. Be4 Bh3 0-1

[Event "Tashkent Hodzhaev Memorial"]
[Site "Tashkent UZB"]
[Date "1987.??.??"]
[Round "?"]
[White "Makarichev, Sergey Y"]
[Black "Vladimirov, Evgeny Y"]
[Result "0-1"]
[WhiteElo "2515"]
[BlackElo "2525"]
[PlyCount "90"]
[EventDate "1987.??.??"]
[Source "www.chesslib.no"]
[SourceDate "2004.05.04"]

1. e4 e5 2. Bc4 Nf6 3. d3 Bc5 4. Nc3 d6 5. Be3 Bxe3 6. fxe3 Be6 7. Bxe6 fxe6 8. Qf3 O-O 9. Qh3 Qe7 10. Nf3 Nbd7 11. O-O-O c5 12. Rdf1 Rac8 13. g4 Ne8 14. Qh4 Qxh4 15. Nxh4 Nc7 16. Kd2 b5 17. a4 a6 18. axb5 axb5 19. Ne2 Rxf1 20. Rxf1 Ra8 21. g5 c4 22. g6 hxg6 23. Nxg6 Nf6 24. Nh4 b4 25. Ng3 Ra2 26. Rb1 cxd3 27. Kxd3 Na6 28. Kc4 Ra5 29. Rg1 Rc5+ 30. Kb3 Rc6 31. Nf3 Rb6 32. Nd2 Nc5+ 33. Kc4 Rb7 34. h3 Nfd7 35. Re1 Nb6+ 36. Kb5 Nba4+ 37. Kc6 Rb6+ 38. Kc7 Na6+ 39. Kd8 Rb7 40. Ra1 N4c5 41. Nb3 Rd7+ 42. Kc8 Rc7+ 43. Kd8 Nb7+ 44. Ke8 Nb8 45. Na5 Nxa5 0-1

[Event "Mar del Plata op 30th"]
[Site "Mar del Plata"]
[Date "1999.03.30"]
[Round "4"]
[White "Fiorito, Fabian"]
[Black "Milos, Gilberto"]
[Result "0-1"]
[WhiteElo "2440"]
[BlackElo "2586"]
[PlyCount "76"]
[EventDate "1999.03.??"]
[Source "www.chesslib.no"]
[SourceDate "2004.05.04"]

1. e4 e5 2. Nc3 Nc6 3. g3 Bc5 4. Bg2 d6 5. Nf3 Bg4 6. h3 Bh5 7. d3 f6 8. Na4 Nge7 9. Nxc5 dxc5 10. Be3 Qd6 11. a3 Nd4 12. g4 Bf7 13. Nxd4 cxd4 14. Bd2 c5 15. h4 O-O-O 16. g5 Kb8 17. gxf6 gxf6 18. f4 Rhg8 19. Qf3 Be6 20. f5 Bf7 21. b3 Qc6 22. Kf2 Nc8 23. Rhg1 Nd6 24. a4 b6 25. h5 a6 26. h6 b5 27. axb5 axb5 28. Bh3 c4 29. bxc4 bxc4 30. Bb4 Rxg1 31. Kxg1 Nb7 32. Kh1 Qb6 33. Be1 Qb2 34. Ra6 Qb1 35. Qf1 cxd3 36. cxd3 Rc8 37. Kg1 Rc1 38. Kf2 Nc5 0-1

[Event "Munich"]
[Site "Munich"]
[Date "1989.??.??"]
[Round "?"]
[White "Bischoff, Klaus"]
[Black "Wahls, Matthias"]
[Result "1/2-1/2"]
[WhiteElo "2505"]
[BlackElo "2515"]
[PlyCount "42"]
[EventDate "1989.04.??"]
[Source "ChessBase"]

1. e4 e5 2. Nc3 Nc6 3. g3 g6 4. Bg2 Bg7 5. d3 d6 6. f4 Nge7 7. Nf3 O-O 8. O-O Be6 9. fxe5 dxe5 10. Be3 h6 11. Qd2 Kh7 12. Rf2 Qd7 13. Raf1 Nd4 14. b3 c5 15. Na4 Nxf3+ 16. Bxf3 b6 17. Bg2 Rad8 18. Nc3 Qc7 19. Qe1 Qd7 20. Qd2 Qc7 21. Qe1 Qd7 1/2-1/2

[Event "Munich"]
[Site "Munich"]
[Date "1989.??.??"]
[Round "?"]
[White "Hickl, Joerg"]
[Black "Wahls, Matthias"]
[Result "0-1"]
[WhiteElo "2500"]
[BlackElo "2515"]
[PlyCount "162"]
[EventDate "1989.04.??"]
[Source "ChessBase"]

1. e4 e5 2. Nc3 Nc6 3. g3 g6 4. Bg2 Bg7 5. d3 d6 6. Be3 Nf6 7. h3 O-O 8. Nge2 Be6 9. Qd2 d5 10. Bg5 dxe4 11. dxe4 Qxd2+ 12. Bxd2 Nd4 13. O-O-O Rfd8 14. Be3 Ne8 15. Kb1 Bc4 16. Nc1 c6 17. Nd3 Nc7 18. f4 exf4 19. gxf4 Nce6 20. Ne5 Ba6 21. Bf1 Bxf1 22. Rhxf1 f5 23. Nd3 fxe4 24. Nxe4 Nf5 25. Rde1 Nc7 26. Bd2 Re8 27. Ne5 Nd5 28. c4 Nf6 29. Ng5 Rad8 30. Bc3 Nh5 31. Rf2 Rc8 32. Rff1 c5 33. Ne4 Re6 34. Nd3 Bd4 35. Ng5 Rxe1+ 36. Rxe1 Bxc3 37. bxc3 b6 38. Kc2 h6 39. Nf3 Rf8 40. Nfe5 Nh4 41. Rg1 Nxf4 42. Nxf4 Rxf4 43. Nxg6 Rf2+ 44. Kb3 Nf3 45. Rg3 Nd2+ 46. Ka4 Ne4 47. Re3 Re2 48. Rd3 Rxa2+ 49. Kb3 Re2 50. Rd8+ Kf7 51. Nf4 Rf2 52. Nd3 Rd2 53. Ne5+ Ke6 54. Re8+ Kf5 55. Ng4 Rd3 56. Nxh6+ Kf4 57. Kb2 Rxh3 58. Nf7 Nxc3 59. Nd6 Nd1+ 60. Ka2 Nc3+ 61. Kb2 Nd1+ 62. Ka2 Rh2+ 63. Ka3 Ne3 64. Kb3 Rd2 65. Rf8+ Ke5 66. Re8+ Kf4 67. Rf8+ Kg4 68. Rg8+ Kf3 69. Rg6 Ke2 70. Re6 Kd3 71. Re7 Rd1 72. Rxa7 Rb1+ 73. Ka2 Rb4 74. Ra3+ Kd4 75. Rb3 Ra4+ 76. Kb1 Ra6 77. Nc8 Nxc4 78. Rh3 b5 79. Rh4+ Kc3 80. Rh3+ Kb4 81. Ne7 Rd6 0-1

[Event "Beersheba 16th"]
[Site "Beersheba"]
[Date "1997.03.04"]
[Round "8"]
[White "Finkel, Alexander"]
[Black "Tseitlin, Mark D"]
[Result "1-0"]
[WhiteElo "2505"]
[BlackElo "2505"]
[PlyCount "49"]
[EventDate "1997.02.24"]
[Source "ChessBase"]

1. e4 e5 2. Nc3 Nc6 3. g3 Bc5 4. Bg2 h5 5. h3 h4 6. g4 Nge7 7. Nge2 Ng6 8. Nd5 Nce7 9. Nxe7 Qxe7 10. c3 Bb6 11. d4 d6 12. Qd3 O-O 13. O-O c5 14. Kh1 cxd4 15. cxd4 Qf6 16. g5 Qe7 17. f4 exf4 18. Nxf4 Nxf4 19. Rxf4 Be6 20. Rxh4 Rac8 21. Bd2 Rc4 22. d5 Rd4 23. Qe2 Rxd2 24. Qh5 f5 25. dxe6 1-0

[Event "Budapest FS04 GM"]
[Site "Budapest"]
[Date "2001.04.11"]
[Round "5"]
[White "Narciso Dublan, Marc"]
[Black "Lukacs, Peter"]
[Result "1/2-1/2"]
[WhiteElo "2544"]
[BlackElo "2458"]
[PlyCount "54"]
[EventDate "2001.04.07"]
[Source "ChessBase"]
[SourceDate "2001.07.03"]

1. e4 e5 2. Nc3 Nc6 3. g3 Bc5 4. Bg2 a6 5. d3 d6 6. Be3 Bxe3 7. fxe3 Nge7 8. Nf3 O-O 9. O-O f6 10. Nh4 g6 11. Rf2 Kg7 12. Qd2 Be6 13. Nd5 Ng8 14. c4 Nb8 15. Qa5 b6 16. Qa3 c6 17. Nc3 Qc7 18. b3 Nd7 19. d4 c5 20. Rd1 b5 21. dxc5 dxc5 22. cxb5 axb5 23. Qb2 Rfb8 24. Bf1 c4 25. b4 Nh6 26. h3 Qb6 27. Qc1 Nf8 1/2-1/2

[Event "Budapest"]
[Site "Budapest"]
[Date "1988.??.??"]
[Round "?"]
[White "Barbero, Gerardo F"]
[Black "Lukacs, Peter"]
[Result "1/2-1/2"]
[WhiteElo "2505"]
[BlackElo "2490"]
[PlyCount "70"]
[EventDate "1988.05.??"]
[Source "ChessBase"]

1. e4 e5 2. Nc3 Nc6 3. g3 Bc5 4. Bg2 a6 5. d3 d6 6. Nf3 Nge7 7. Be3 Bxe3 8. fxe3 O-O 9. O-O f6 10. Nh4 g6 11. d4 Kg7 12. Qd2 Bg4 13. h3 Bd7 14. Kh2 Qc8 15. Rf2 g5 16. Nf5+ Nxf5 17. exf5 Bxf5 18. Raf1 Bg6 19. Ne4 Bxe4 20. Bxe4 Qe8 21. Bf5 d5 22. c3 Rd8 23. h4 h6 24. Kg2 Qe7 25. Qd1 Qe8 26. Qg4 h5 27. Qd1 g4 28. Bb1 e4 29. c4 Ne7 30. cxd5 Nxd5 31. Qe2 c6 32. Rf5 Ne7 33. R5f2 Nd5 34. Rf5 Ne7 35. R5f2 Nd5 1/2-1/2

[Event "Israel op"]
[Site "Tel Aviv"]
[Date "1997.04.20"]
[Round "5"]
[White "Uritzky, Maxim"]
[Black "Mikhalevski, Victor"]
[Result "1/2-1/2"]
[WhiteElo "2460"]
[BlackElo "2535"]
[PlyCount "83"]
[EventDate "1997.04.15"]
[Source "ChessBase"]
[SourceDate "1997.11.23"]

1. e4 e5 2. Nc3 Bc5 3. g3 Nf6 4. Bg2 O-O 5. d3 Re8 6. Nge2 c6 7. O-O d5 8. exd5 Nxd5 9. Nxd5 cxd5 10. d4 exd4 11. Nxd4 Nc6 12. c3 Bxd4 13. cxd4 Bf5 14. Be3 Qd7 15. Rc1 Be4 16. Rc5 b6 17. Rc3 Ne7 18. Qh5 Bxg2 19. Kxg2 Rac8 20. Rfc1 Nf5 21. Rxc8 Rxc8 22. Rxc8+ Qxc8 23. Qg5 f6 24. Qf4 g5 25. Qf3 Qe6 26. h3 Kf7 27. Bxg5 fxg5 28. g4 Kg6 29. gxf5+ Qxf5 30. Qc3 g4 31. hxg4 Qxg4+ 32. Kf1 Qd1+ 33. Kg2 Qg4+ 34. Kf1 Qe4 35. Qg3+ Kf5 36. Qc7 Qh1+ 37. Ke2 Qe4+ 38. Kf1 Qxd4 39. Qxh7+ Ke6 40. Qh3+ Kd6 41. Qa3+ Ke6 42. Qh3+ 1/2-1/2

[Event "Biel"]
[Site "?"]
[Date "1979.08.02"]
[Round "6"]
[White "Hug Werner"]
[Black "Sahovic Dragutin"]
[Result "1/2-1/2"]
[WhiteElo "2460"]
[BlackElo "2520"]
[PlyCount "35"]
[EventDate "1979.??.??"]
[Source "www.chesslib.no"]
[SourceDate "2004.05.04"]

1. g3 e5 2. Bg2 Nc6 3. e4 Nf6 4. Nc3 Bc5 5. Nge2 a6 6. d3 d6 7. O-O h6 8. a3 O-O 9. h3 Nd4 10. Nxd4 Bxd4 11. Kh2 c6 12. Ne2 Bb6 13. f4 Qe7 14. f5 d5 15. Ng1 dxe4 16. dxe4 Bd7 17. Qe2 c5 18. Rd1 1/2-1/2

[Event "BL2-S 9495"]
[Site "GER"]
[Date "1995.??.??"]
[Round "?"]
[White "Vorotnikov, Vladislav V"]
[Black "Smejkal, Jan"]
[Result "0-1"]
[WhiteElo "2460"]
[BlackElo "2515"]
[PlyCount "158"]
[EventDate "1994.??.??"]
[Source "www.chesslib.no"]
[SourceDate "2004.05.04"]

1. e4 e5 2. d3 Bc5 3. Nc3 d6 4. Nf3 Nf6 5. Na4 Nc6 6. h3 h6 7. Be2 Bb6 8. Nxb6 axb6 9. c4 Nd7 10. d4 exd4 11. Nxd4 Nde5 12. Nxc6 bxc6 13. O-O O-O 14. f3 Qf6 15. Rf2 Qg6 16. Kh2 f5 17. exf5 Bxf5 18. Be3 Nd3 19. Bxd3 Bxd3 20. b3 c5 21. Qd2 Rae8 22. Rd1 Bf5 23. Rff1 Re7 24. Rfe1 Kh7 25. Bf2 Ref7 26. Re3 Bd7 27. Rde1 Bc6 28. Qd3 Qxd3 29. Rxd3 Ra8 30. a4 Rd8 31. Re6 Bd7 32. Re2 Re8 33. Rde3 Rxe3 34. Rxe3 Bc6 35. Re6 Kg8 36. Kg1 Kf8 37. Bh4 Rd7 38. f4 Rf7 39. f5 Bd7 40. Re3 Bxf5 41. g4 Bc2 42. Be1 Re7 43. Rf3+ Ke8 44. Bd2 Re2 45. Bc3 Be4 46. Rf4 g5 47. Rf6 Rg2+ 48. Kf1 Rg3 49. Bd2 Bd3+ 50. Kf2 Rxh3 51. a5 bxa5 52. Kg2 Rh4 53. Kg3 Bc2 54. Bxa5 Ke7 55. Rf2 Bd1 56. Bxc7 Rxg4+ 57. Kh3 Rh4+ 58. Kg3 Bxb3 59. Rd2 Rd4 60. Rh2 Rd3+ 61. Kg4 Kd7 62. Ba5 Rd4+ 63. Kg3 Rh4 64. Rxh4 gxh4+ 65. Kxh4 Bd1 66. Bd2 h5 67. Kg5 Be2 68. Be1 Kc6 69. Bf2 Bxc4 70. Kxh5 d5 71. Kg4 d4 72. Kf3 Kd5 73. Bh4 Bb5 74. Bf6 c4 75. Ke2 c3+ 76. Kd1 Ba4+ 77. Kc1 Kc4 78. Bg7 d3 79. Bh6 Kd5 0-1

[Event "Altensteig"]
[Site "Altensteig"]
[Date "1989.??.??"]
[Round "?"]
[White "Lau, Ralf"]
[Black "Brunner, Lucas"]
[Result "1/2-1/2"]
[WhiteElo "2470"]
[BlackElo "2505"]
[PlyCount "21"]
[EventDate "1989.07.??"]
[Source "ChessBase"]

1. e4 e5 2. Nc3 Nc6 3. g3 Bc5 4. Bg2 a6 5. d3 d6 6. Be3 Bxe3 7. fxe3 Nge7 8. Qd2 f5 9. exf5 Bxf5 10. e4 Be6 11. Nf3 1/2-1/2

[Event "Zonal"]
[Site "Sao Paulo zt"]
[Date "1995.??.??"]
[Round "?"]
[White "Lima, Darcy"]
[Black "Vescovi, Giovanni P"]
[Result "1/2-1/2"]
[WhiteElo "2505"]
[BlackElo "2465"]
[PlyCount "74"]
[EventDate "1995.??.??"]
[Source "www.chesslib.no"]
[SourceDate "2004.05.04"]

1. g3 e5 2. Bg2 Nc6 3. e4 Nf6 4. Nc3 Bc5 5. Nf3 d6 6. d3 a6 7. O-O O-O 8. Bg5 h6 9. Be3 Be6 10. d4 exd4 11. Nxd4 Nxd4 12. Bxd4 Bxd4 13. Qxd4 Qe7 14. Rfe1 Rfe8 15. Rad1 Rad8 16. h3 c6 17. Kh2 Bc8 18. f4 Qc7 19. Bf3 c5 20. Qf2 b5 21. a3 Bb7 22. Nd5 Nxd5 23. exd5 Qc8 24. g4 Rxe1 25. Rxe1 Re8 26. Rxe8+ Qxe8 27. b4 Qa8 28. c4 Qe8 29. Bg2 Qd8 30. Qf3 cxb4 31. axb4 f6 32. Qd3 Qa5 33. Kh1 Qd8 34. c5 Bc6 35. Qd2 Bxd5 36. Qf2 Ba2 37. Qf3 Bb3 1/2-1/2

[Event "Viernheim"]
[Site "Viernheim"]
[Date "1995.??.??"]
[Round "6"]
[White "Schmaltz, Roland"]
[Black "Smejkal, Jan"]
[Result "0-1"]
[WhiteElo "2445"]
[BlackElo "2520"]
[PlyCount "58"]
[EventDate "1995.10.??"]
[Source "ChessBase"]

1. e4 e5 2. Nc3 Nc6 3. g3 Bc5 4. Bg2 a6 5. Nf3 d6 6. d3 Nge7 7. O-O O-O 8. Be3 Nd4 9. Bxd4 Bxd4 10. Nxd4 exd4 11. Ne2 c5 12. c3 dxc3 13. bxc3 Rb8 14. d4 b5 15. f4 Bg4 16. h3 Bxe2 17. Qxe2 Qa5 18. Rac1 b4 19. cxb4 Rxb4 20. dxc5 dxc5 21. Qc2 c4 22. e5 Nd5 23. Qf2 Ra4 24. Qd4 Ne7 25. e6 fxe6 26. Qd6 Nf5 27. Qxe6+ Kh8 28. Kh2 Rxa2 29. Rcd1 Qa3 0-1

[Event "It (open)"]
[Site "Barbera (Spain)"]
[Date "2007.07.13"]
[Round "8"]
[White "Perez Mitjans O"]
[Black "Narciso Dublan Marc (ESP)"]
[Result "0-1"]
[WhiteElo "2412"]
[BlackElo "2552"]
[PlyCount "60"]
[EventDate "2007.??.??"]
[Source "www.chesslib.no"]
[SourceDate "2004.05.04"]

1. e4 e5 2. Nc3 Nc6 3. g3 Bc5 4. Bg2 a6 5. Nge2 d6 6. O-O Nge7 7. d3 O-O 8. Kh1 f5 9. f4 fxe4 10. dxe4 exf4 11. gxf4 Bg4 12. Qd3 Ng6 13. f5 Bxe2 14. Nxe2 Nge5 15. Qg3 Rf7 16. Bg5 Qe8 17. Nf4 Nd4 18. f6 Nxc2 19. Nd5 Nxa1 20. Ne7+ Kh8 21. Qh4 Rxe7 22. fxe7 Ng6 23. Qg3 Nc2 24. e5 Nxe7 25. Be4 Nd4 26. b4 Bb6 27. Qh3 Ng6 28. Rf6 Qxe5 29. Bxg6 Qd5+ 30. Kg1 Qxg5+ 0-1

[Event "E0206, DESC"]
[Site "?"]
[Date "1999.??.??"]
[Round "?"]
[White "Behrend, Markus"]
[Black "Erbe, Holger"]
[Result "0-1"]
[WhiteElo "2480"]
[BlackElo "2480"]
[PlyCount "50"]
[EventDate "1999.??.??"]
[Source "www.chesslib.no"]
[SourceDate "2004.05.04"]

1. e4 e5 2. Nc3 Nf6 3. d3 Nc6 4. Bg5 Be7 5. Nf3 O-O 6. Qe2 d6 7. O-O-O Bg4 8. Bxf6 Bxf6 9. Nd5 Bg5+ 10. Kb1 Nd4 11. Qe1 Nxf3 12. Qe2 Nd2+ 13. Qxd2 Bxd2 14. Rxd2 Qg5 15. Ne3 Be6 16. g3 a5 17. h4 Qf6 18. Bh3 Bxh3 19. Rxh3 c6 20. Nc4 d5 21. Nb6 Rad8 22. Kc1 dxe4 23. dxe4 Rxd2 24. Kxd2 Qxf2+ 25. Kc3 Qd4+ 0-1

[Event "San Martin"]
[Site "San Martin"]
[Date "1994.??.??"]
[Round "9"]
[White "Rodriguez, Andres"]
[Black "Sorokin, Maxim"]
[Result "1/2-1/2"]
[WhiteElo "2435"]
[BlackElo "2520"]
[PlyCount "22"]
[EventDate "1994.04.??"]
[Source "ChessBase"]

1. e4 Nf6 2. Nc3 e5 3. Nge2 Nc6 4. g3 Bc5 5. Bg2 d6 6. d3 O-O 7. h3 a6 8. O-O Be6 9. Nd5 Bxd5 10. exd5 Ne7 11. Bg5 Nd7 1/2-1/2